| 000 | 00602nam a22002177a 4500 | ||
|---|---|---|---|
| 003 | BUBTL | ||
| 008 | 181223b xxu||||| |||| 00| 0 eng d | ||
| 020 | _a0-07-118324-8 | ||
| 082 |
_a004 _bNOI |
||
| 100 |
_92092 _a Norton, Peter |
||
| 245 |
_aIntroduction to Computers _cPeter Norton's |
||
| 250 | _a3rd | ||
| 260 |
_aSingapure _bMc Grow Hill _c1999 |
||
| 300 |
_a[xxxi] , 544p . : _bTable ,Graph ; 24cm . |
||
| 500 | _aGlossary and Index . | ||
| 650 | 0 |
_92093 _aComputer |
|
| 700 |
_92094 _aPeter Norton's |
||
| 856 |
_k0 _l0 _yDownload |
||
| 942 |
_2ddc _cBK |
||
| 999 |
_c5849 _d5849 |
||